| 000 | 00607nam a2200241Ia 4500 | ||
|---|---|---|---|
| 003 | OSt | ||
| 005 | 20221007075947.0 | ||
| 006 | a|||||r|||| 00| 0 | ||
| 007 | ta | ||
| 008 | 221006b |||||||| |||| 00| 0 eng d | ||
| 020 | _a8185107831 | ||
| 024 | _a17,908 | ||
| 037 | _cTextual | ||
| 040 |
_aFLL _cFLL _beng |
||
| 041 |
_2eng _aeng |
||
| 082 | _aY150aZ2, N6 | ||
| 100 | _aKapur Ratna | ||
| 245 | 0 | _aSubversive sites | |
| 260 |
_aNew Delhi _bSage Publications India _c1996 |
||
| 300 |
_a352p _ccm. |
||
| 942 |
_hY150aZ2, N6 _cTEXL _2CC |
||
| 999 |
_c1157944 _d1157944 |
||